000 01255cam a22003617a 4500
003 CHAP
005 20220329133406.0
008 971013s1983 r 00010 d
010 _a5821
011 _a6793
035 _a6016
040 _cCHAP
082 _a595.76
_bW45
100 0 0 _aWhite, Richard E.
_9121713
245 1 2 _aA field guide to the beetles fo North America
260 _aBoston, Mass. :
_bHoughton Mifflin,
_c1983
300 _a368 p.
_b: ilus.
490 4 _aThe Peterson field guide series
_v; 29
590 _aBATCH-UPD
_b10
_c20130110
_lUCH01
_h0107
590 _aBATCH-UPD
_b10
_c20130110
_lUCH01
_h1727
590 _aBATCH-UPD
_b10
_c20130410
_lUCH01
_h1109
590 _aBATCH-UPD
_b10
_c20130914
_lUCH01
_h1007
590 _aCONVERSION
_b10
_c20130109
_lUCH01
_h1304
650 1 4 _aColeópteros.
_925123
650 1 4 _aEntomología sistemática.
_937154
650 1 4 _aInsectos
_xIdentificación.
_958929
830 4 _aThe Peterson field guide series
_v; 29
_9112694
901 _aBK
942 _cLIBRO
949 _a595.76 W45
_bBC
_cC
_d33724000516019
_eC
_fc.2
_h82360
_i6016
_si
_t10.00
949 _a595.76 W45
_bBC
_cC
_d33724000516027
_eC
_h82359
_i6016
_si
_t56.00
949 _a595.76 W45
_bBC
_cC
_d33724000516415
_eC
_fc.3
_h87847
_i6016
_si
_t10.00
999 _c5821
_d5821